000 00595nam a2200169Ia 4500
003 GCL
008 140319s9999 xx 000 0 ara d
040 _aGCL /
_cGCL
082 0 4 _a415.5
_bع ف
100 1 _aعمر بوحفص الزمورى
245 1 0 _aفتح اللطيف فى التصريف على البسط والتعريف: كتاب نفيس ابحاث دقيقة فى فن الصرف الطلبة والمتخصصين /
_cعمر بوحفص الزمورى
300 _a434
490 _aكتاب
_v0
650 0 4 _aاللغة العربية
650 0 4 _aالصرف
942 _2ddc
_cBK
999 _c42736
_d42736